kraje z największą ilością Polonii - Statystyki

Ogólne statystyki
  • Ten quiz został rozwiązany 127 razy
  • Średni wynik to 12 z 14
Statystyki odpowiedzi
Hint Odpowiedź % Poprawnych
ok. 1 500 000 (2001) Niemcy
100%
9 740 368 (2011) USA
100%
1 010 000 (2011) Kanada
96%
ok. 900 000 (2001) Francja
95%
654 010 (2011) Wielka Brytania
95%
ok. 800 000 (2001) Brazylia
94%
57 250 (2011) Hiszpania
91%
84 619 (2011) Włochy
90%
ok. 170 000 (2001) Argentyna
85%
95 076 (2021) Szwecja
84%
65 748 (2011) Norwegia
82%
52 473 (2011) Holandia
78%
122 585 (2011) Irlandia
77%
170 354 (2011) Australia
72%
Nie znaleziono quizów pasujących do podanych kryteriów
Rozkład punktacji
Procent ludzi z każdym wynikiem
Percentyl według liczby udzielonych odpowiedzi
Twoja historia wyników
Nie rozwiązałeś tego quizu